000 00368nam a2200145Ia 4500
008 230711s9999||||xx |||||||||||||| ||und||
041 _aENG
082 _a624
_bAM-L
100 _aAmmer Jain
245 4 _aThe life of structures physical test
250 _a2nd . Ed.
260 _c1989
_aNew Delhi
_bButterworth-Heinemann Ltd
650 _aCivil Engineering
942 _cBK
999 _c454
_d454